00000000nam##2200000za#4500
0019.690562
003CaOODSP
00520210624232400
007cr |||||||||||
008150407|2007||||xxc|||||o    f|0| 0 eng|d
040 |aCaOODSP|beng
043 |an-cn---
0861 |aHS4-33/2007E-PDF
1101 |aCanada. |bHuman Resources and Social Development Canada.
24510|aJob descriptions - an employer's handbook : |h[electronic resource]|bhow to write them, how to use them
24613|aNational Occupational Classification
260 |aOttawa - Ontario : |bHuman Resources and Social Development Canada |c©2007.
300 |a26p.|bcoloured illus., tables
500 |aThe catalogue number (HS4-33/2007) and ISBN (978-0-662-49992-3) for the bilingual print edition have been incorrectly copied in this PDF edition.
5203 |aBased on the National Occupational Classification (NOC), this handbook can help users to develop job descriptions to hire employees, evaluate employee performance and identify training needs.
590 |a08-01|b2008-01-04
69007|aEmployers|2gcpds
69007|aJob classification|2gcpds
69007|aJob description|2gcpds
77508|tDescriptions de travail - manuel à l'usage des employeurs : |w(CaOODSP)9.634916
7760#|tJob descriptions - an employer's handbook : |w(CaOODSP)9.668601
7760#|tDescriptions de travail - manuel à l'usage des employeurs : |w(CaOODSP)9.668602
85640|ahttp://publications.gc.ca|qPDF|s611 KB|uhttps://publications.gc.ca/collections/collection_2008/hrsdc-rhdsc/HS4-33-2007E.pdf
986 |aWP-019-03-07E